| 000 | 00637nam a22001937a 4500 | ||
|---|---|---|---|
| 005 | 20251108172045.0 | ||
| 008 | 250721s9999 xx 000 0 ara d | ||
| 082 | 1 | 4 | _a371.14/لبن |
| 100 | 1 |
_aلبن، علي أحمد _eجامع |
|
| 245 | 1 | 0 |
_aمرشد المعلمة برياض الأطفال : _bللمعلمات و طالبات التربية العملية و الأمهات / |
| 264 |
_bسفير، _c[19-]. |
||
| 300 | _a311ص | ||
| 650 | 1 | 7 | _aالمدرسون |
| 650 | 1 | 7 | _aرياض الأطفال |
| 650 | 1 | 7 | _aتدريب المعلمين |
| 650 | 1 | 7 | _aالتوجيه المهني |
| 942 |
_2ddc _cBK |
||
| 999 |
_c69341 _d69341 |
||